| 000 | 01407cam a22002174a 4500 | ||
|---|---|---|---|
| 005 | 20250605164112.0 | ||
| 008 | 250528s ||||||||||||||||||||||||d | ||
| 035 | _a17948 | ||
| 020 | _a471495239 | ||
| 040 |
_aGR-AtMCL _bgre _dGR-AtMCL _eAACR2 |
||
| 245 | 1 | _aRational Analysis for a Problematic World Revisited / Problem Structuring Methods for Complexity, Uncertainty and Conflict | |
| 250 | _a2nd | ||
| 260 |
_bJohn Wiley & Sons, Ltd, _c2001 |
||
| 300 | _a366 | ||
| 520 | _aThis book shows you how to facilitate an enriched and fluid decision-making process. Preface, Acknowledgements, A New Paradigm of Analysis, SODA - The Principles, SODA - Journey Making and Mapping in Practice, Soft Systems Methodology, Soft Systems Methodology in Action: Participative Creation of an Information Strategy for an Acute Hospital, The Strategy Choice Approach, Gambling with Frozen Fire?, Robustness Analysis: Keeping Your Options Open, Robustness to the First Degree, Drama Theory and Confrontation Analysis, The M&A Play: Using Drama Theory for Mergers and Acquisitions, An Overview of Related Methods: VSM and System Dynamics and Decision Analysis, Multimethodology - Mixing and Matching Methods, Mixing Methods in Practice, Diverse Unity: Looking Inward and Outward, Index. | ||
| 700 | 1 |
_aMingers John _94241 |
|
| 700 | 1 |
_aRosenhead Jonathan _94242 |
|
| 942 | _cBK | ||
| 999 |
_c3342 _d3342 |
||